<?xml version="1.0" encoding="UTF-8"?>
<record
    xmlns:xsi="http://www.w3.org/2001/XMLSchema-instance"
    xsi:schemaLocation="http://www.loc.gov/MARC21/slim http://www.loc.gov/standards/marcxml/schema/MARC21slim.xsd"
    xmlns="http://www.loc.gov/MARC21/slim">

  <leader>01652nam a2200301Ia 4500</leader>
  <controlfield tag="003">OSt</controlfield>
  <controlfield tag="005">20201119131601.0</controlfield>
  <controlfield tag="008">191128s2014    ck a   gr     000 0 spa d</controlfield>
  <datafield tag="020" ind1=" " ind2=" ">
    <subfield code="a">9789585858404</subfield>
  </datafield>
  <datafield tag="040" ind1=" " ind2=" ">
    <subfield code="a">CO-JMCR</subfield>
    <subfield code="c">CO-JMCR</subfield>
  </datafield>
  <datafield tag="041" ind1="0" ind2=" ">
    <subfield code="a">spa</subfield>
  </datafield>
  <datafield tag="082" ind1="0" ind2="4">
    <subfield code="a">658.4038 / </subfield>
    <subfield code="b">I577m</subfield>
    <subfield code="2">23</subfield>
  </datafield>
  <datafield tag="100" ind1="1" ind2=" ">
    <subfield code="a">D&#xED;az Ortega, Miguel Hernando, </subfield>
    <subfield code="e">autor</subfield>
    <subfield code="9">12377</subfield>
  </datafield>
  <datafield tag="245" ind1="1" ind2="0">
    <subfield code="a">Manual para la elaboraci&#xF3;n de evaluaciones de efectividad, seguridad y validez diagn&#xF3;stica de tecnolog&#xED;as en la salud /</subfield>
    <subfield code="c">Miguel Hernando D&#xED;az Ortega, Esperanza Pe&#xF1;a Torres, Aurelio Mej&#xED;a Mej&#xED;a, [y 1 m&#xE1;s] ; revisores, Andr&#xE9;s Pich&#xF3;n-Riviere, Federico Augusto</subfield>
  </datafield>
  <datafield tag="260" ind1=" " ind2=" ">
    <subfield code="a">Bogot&#xE1; : </subfield>
    <subfield code="b">Instituto de evaluaci&#xF3;n tecnol&#xF3;gica en salud,</subfield>
    <subfield code="c">2014</subfield>
  </datafield>
  <datafield tag="300" ind1=" " ind2=" ">
    <subfield code="a">4 vol&#xFA;menes en 1 tomo : </subfield>
    <subfield code="b">diagramas y gr&#xE1;ficos a blanco y negro ; </subfield>
    <subfield code="c">28 cm.</subfield>
  </datafield>
  <datafield tag="500" ind1=" " ind2=" ">
    <subfield code="a">Con: Manual para la elaboraci&#xF3;n de evaluaciones econ&#xF3;micas en salud --  Manual para la elaboraci&#xF3;n de an&#xE1;lisis de impacto presupuestal -- Manual de participaci&#xF3;n y deliberaci&#xF3;n. Bibliograf&#xED;a al final de cada volumen.</subfield>
  </datafield>
  <datafield tag="505" ind1="0" ind2=" ">
    <subfield code="a">Condici&#xF3;n de salud y tecnolog&#xED;as de inter&#xE9;s -- Preguntas de evaluaci&#xF3;n -- M&#xE9;todos -- Resultados --- Discusi&#xF3;n -- Conclusiones</subfield>
  </datafield>
  <datafield tag="650" ind1="2" ind2="4">
    <subfield code="a">Tecnolog&#xED;as en salud </subfield>
    <subfield code="9">12378</subfield>
  </datafield>
  <datafield tag="650" ind1="2" ind2="4">
    <subfield code="a">Evaluaci&#xF3;n econ&#xF3;mica en salud </subfield>
    <subfield code="9">12379</subfield>
  </datafield>
  <datafield tag="650" ind1="2" ind2="4">
    <subfield code="a">An&#xE1;lisis presupuestal en salud</subfield>
    <subfield code="9">12380</subfield>
  </datafield>
  <datafield tag="700" ind1="1" ind2=" ">
    <subfield code="a">Pe&#xF1;a Torres, Esperanza, </subfield>
    <subfield code="e">autora</subfield>
    <subfield code="9">12381</subfield>
  </datafield>
  <datafield tag="700" ind1="1" ind2=" ">
    <subfield code="a">Mej&#xED;a Mej&#xED;a, Aurelio, </subfield>
    <subfield code="e">autor</subfield>
    <subfield code="9">12382</subfield>
  </datafield>
  <datafield tag="700" ind1="1" ind2=" ">
    <subfield code="a">Pich&#xF3;n-Riviere, Andr&#xE9;s, </subfield>
    <subfield code="e">revisor </subfield>
    <subfield code="9">12383</subfield>
  </datafield>
  <datafield tag="700" ind1="1" ind2=" ">
    <subfield code="a">Augustovski, Federico, </subfield>
    <subfield code="e">revisor </subfield>
    <subfield code="9">12384</subfield>
  </datafield>
  <datafield tag="700" ind1="1" ind2=" ">
    <subfield code="a">Garc&#xED;a Mart&#xED;, Sebasti&#xE1;n, </subfield>
    <subfield code="e">revisor</subfield>
    <subfield code="9">12385</subfield>
  </datafield>
  <datafield tag="942" ind1=" " ind2=" ">
    <subfield code="2">ddc</subfield>
    <subfield code="c">BK</subfield>
  </datafield>
  <datafield tag="999" ind1=" " ind2=" ">
    <subfield code="c">4821</subfield>
    <subfield code="d">4821</subfield>
  </datafield>
  <datafield tag="952" ind1=" " ind2=" ">
    <subfield code="0">0</subfield>
    <subfield code="1">0</subfield>
    <subfield code="2">ddc</subfield>
    <subfield code="3">Donaci&#xF3;n--15/04/2018--</subfield>
    <subfield code="4">0</subfield>
    <subfield code="7">0</subfield>
    <subfield code="a">CPL</subfield>
    <subfield code="b">CPL</subfield>
    <subfield code="c">GEN</subfield>
    <subfield code="d">2019-11-28</subfield>
    <subfield code="e">Donaci&#xF3;n</subfield>
    <subfield code="o">658.4038 / I577m </subfield>
    <subfield code="p">430000608</subfield>
    <subfield code="r">2024-05-16 00:00:00</subfield>
    <subfield code="t">Ej.1</subfield>
    <subfield code="w">2019-11-28</subfield>
    <subfield code="y">BK</subfield>
  </datafield>
</record>
